الإسلام وتنظيم الأسرة : (رقم التسجيلة. 129771)

تفاصيل مارك
000 -الفاتح
عناصر البيانات ثابتة الطول 00808cam a2200181 i 4500
005 - تاريخ ووقت آخر معاملة
حقل ضبط 20251214101458.0
008 - عناصر البيانات ثابتة الطول
عناصر البيانات ثابتة الطول 250721s1973 le gr 000 0 ara d
082 14 - رقم تصنيف ديوي العشري
رقم التصنيف 216.53
رقم المادة ا س ل
111 2# - مدخل رئيسي – اسم ملتقى أو مؤتمر
اسم الملتقى أو السلطة المختصة كعنصر مدخل المؤتمر الاسلامي
مكان انعقاد الملتقى الرباط
تاريخ الملتقى أو توقيع المعاهدة 24-29 / كانون الاول 1971
245 10 - بيان العنوان
العنوان الإسلام وتنظيم الأسرة :
بقية العنوان ثبتُ كامل لأعمال المؤتمر الإسلامي /
بيان المسؤولية الدكتور عصام رشدي الناظر، الدكتور محمود يوسف زايد، الشيخ يوسف جمعة النجار.
264 31 - بيانات النشر، التوزيع…إلخ
مكان النشر، التوزيع...إلخ بيروت :
اسم الناشر، الموزع...إلخ الدار المتحدة للنشر،
تاريخ النشر، التوزيع...إلخ 1973.
300 ## - الوصف المادي
عدد الوحدات المكونة للوعاء 596 صفحة.
650 17 - مدخل إضافي بالموضوع - مصطلح موضوعي
مصطلح موضوعي أو اسم جغرافي كعنصر مدخل الاسرة
650 17 - مدخل إضافي بالموضوع - مصطلح موضوعي
مصطلح موضوعي أو اسم جغرافي كعنصر مدخل الاسلام.
650 17 - مدخل إضافي بالموضوع - مصطلح موضوعي
مصطلح موضوعي أو اسم جغرافي كعنصر مدخل الحقوق الاسرية.
942 ## - بيانات إضافية (كوها)
نوع التنصيف Dewey Decimal Classification
نوع المادة (كوها) كتب
المقتنيات
حالة السحب حالة الفقدان مصدر التصنيف حالة التلف غير قابل للإعارة المكتبة الرئيسية المكتبة الحالية موقع الرف تاريخ التزويد الرقم المتسلسل Total Checkouts رقم الإستدعاء الباركود تاريخ آخر ظهور تاريخ الفاتورة نوع المادة (كوها)
    Dewey Decimal Classification     المكتبة المركزية المكتبة المركزية الإعارة 28/07/2025 1577752   216.53 / ا س ل PLD00304339 28/07/2025 28/07/2025 كتب
Implemented & Customized by: BBB with SCIT (Smart Chains for Information Technology)

Powered by Koha